| 000 | 00624ata a2200253 4500 | ||
|---|---|---|---|
| 005 | 20161117181525.0 | ||
| 008 | 150525b xxu||||| |||| 00| 0 spa d | ||
| 041 | _aspa | ||
| 082 | _a972.860.197 A283j | ||
| 100 |
_aAguilar Piedra, Carlos _932682 |
||
| 245 | _aEl jade y el chamán | ||
| 260 | _aCosta Rica | ||
| 260 | _bTecnológica | ||
| 260 | _c2003 | ||
| 300 | _a156 páginas | ||
| 650 |
_aCOSTA RICA _932683 |
||
| 650 |
_aJADE _932684 |
||
| 650 |
_aARQUEOLOGÍA _92460 |
||
| 650 |
_aCHAMANES _921409 |
||
| 650 |
_aRELIGIÓN _92354 |
||
| 650 |
_aABORÍGENES _932685 |
||
| 650 |
_aCULTURA _91093 |
||
| 942 | _cBK | ||
| 999 |
_c5952 _d5952 |
||